MTV Unplugged : groupes et artistes ayant joué dans cette émission - Statistiques

Statistiques générales
  • Ce quiz a été pris 65 fois
  • Le résultat moyen est 8 sur 122
Statistiques - réponses
Année Artiste % Correct
1993 Nirvana
91%
1992 Eric Clapton
33%
1996 Oasis
28%
1992 Pearl Jam
26%
1992 Bruce Springsteen
25%
1996 George Michael
25%
1995 Melissa Etheridge et Bruce Springsteen
25%
1991 R.E.M.
23%
1996 Alice in Chains
21%
1994 Bob Dylan
21%
1990 Elton John
21%
1991 Paul McCartney
21%
2001 R.E.M.
21%
2005 Alicia Keys
19%
1997 Babyface, Eric Clapton et Stevie Wonder
18%
1992 Mariah Carey
18%
1999 Alanis Morissette
16%
2006 Korn
16%
1999 Shakira
14%
1995 The Cranberries
14%
1991 The Cure
14%
1989 Joe Walsh and Dr. John
12%
1995 KISS
12%
1994 Page & Plant
12%
1989 Bon Jovi
11%
2001 Jay-Z et The Roots
11%
2001 Lauryn Hill
11%
1992 | 1993 Neil Young
11%
1999 The Corrs
11%
1990 Aerosmith
9%
1994 | 1998 Björk
9%
1995 Hole
9%
1992 Joe Cocker
9%
1994 Eagles
7%
1994 Lenny Kravitz
7%
2006 Ricky Martin
7%
1991 Sting
7%
1997 Bryan Adams
5%
1993 Rod Stewart et Ronnie Wood
5%
1993 Stone Temple Pilots
5%
1993 10,000 Maniacs et David Byrne
4%
1993 Duran Duran
4%
1997 Fiona Apple
4%
2001 La Ley
4%
2003 Nickelback
4%
1992 Paul Simon
4%
2005 Queens of the Stone Age
4%
1996 Seal
4%
1995 Sheryl Crow
4%
1990 Stevie Ray Vaughan et Joe Satriani
4%
1996 Tori Amos
4%
1989 10,000 Maniacs et Michael Penn
2%
2001 Alejandro Sanz
2%
1992 Annie Lennox
2%
1997 BLACKstreet
2%
1995 Charly García
2%
1995 Chris Isaak
2%
1990 Crosby, Stills & Nash
2%
1990 Crowded House et Tim Finn
2%
1993 Denis Leary
2%
2004 Diego Torres
2%
1991 Elvis Costello
2%
1992 Eurythmics
2%
2001 Hikaru Utada
2%
1997 Jewel
2%
1995 Los Tres
2%
1999 Maná
2%
1997 Maxwell
2%
1993 Midnight Oil
2%
1990 Poison
2%
1990 Ratt et Vixen
2%
1993 Roxette
2%
1993 Soul Asylum et Lulu
2%
1989 Squeeze, Syd Straw et Elliot Easton
2%
1990 The Black Crowes et Tesla
2%
1997 The Wallflowers
2%
1994 Tony Bennett
2%
1992 Arrested Development
0%
1997 Aterciopelados
0%
1993 Boom Crash Opera
0%
1995 Café Tacuba
0%
1994 Caifanes
0%
1996 CHAGE and ASKA
0%
1996 Colonial Cousins
0%
2002 Dashboard Confessional
0%
1989 DB730 et the Faust Bros Christmas Hits
0%
2002 Die Ärzte
0%
2000 Die Fantastischen Vier
0%
2005 Die Toten Hosen
0%
1990 Don Henley
0%
2004 El Tri
0%
1997 Erykah Badu
0%
2005 Giorgia
0%
1990 Great White et Damn Yankees
0%
1990 Hall & Oates
0%
1996 Harlem Yu
0%
1995 Herbert Grönemeyer
0%
2005 Hitomi Yaida
0%
1996 Hootie & the Blowfish
0%
1996 Illya Kuryaki et the Valderramas
0%
1999 Incubus
0%
1992 John Mellencamp
0%
2006 Kayah
0%
1992 k.d. lang
0%
2003 Ken Hirai
0%
1995 Live
0%
1994 Los Fabulosos Cadillacs
0%
1998 Los Ratones Paranoicos
0%
1997 Luis Alberto Spinetta
0%
1996 Maldita Vecindad
0%
1990 Michelle Shocked et Indigo Girls
0%
1992 Queensrÿche
0%
1997 Santa Sabina
0%
1990 Sinéad O'Connor et The Church
0%
1996 Soda Stereo et Andrea Echeverri
0%
2001 Staind
0%
1989 The Alarm et Nuclear Valdez
0%
1990 The Allman Brothers Band
0%
1989 The Smithereens and Graham Parker
0%
1991 Winger et Slaughter
0%
Aucun quiz correspondant
Distribution des résultats
% des personnes avec chaque résultat
Percentile par nombre de réponses
Votre historique - résultats
Vous n’avez pas pris ce quiz